000 00666nam a2200217Ii 4500
003 JO-AjNU
008 230606s9999||||xx |||||||||||||| ||und||
020 _a0-07-297693-7
040 _aJO-AjNU
_beng
_erda
_cJO-AjNU
041 _aeng
050 1 4 _aT11F53.2005
100 3 _aFinkelstein,Leo,
_eauthor
_94037
245 0 0 _aPocket Book of Technology Writing for Engineers and Scientists
250 _a2 ed
264 3 1 _aLondon:Mcgraw hill,2005
300 _a362p
336 _atext
_btxt
_2rdacontent
337 _aunmediated
_bn
_2rdamedia
338 _avolume
_bnc
_2rdacarrier
650 4 _aPocket Book of Technology Writing for Engineers and Scientists
_94038
999 _aE2102
_c2101
_d2101